Reducción directa ´80 (Record no. 72972)
[ view plain ]
| 000 -LEADER | |
|---|---|
| fixed length control field | 01260nam a22002297a 4500 |
| 005 - DATE AND TIME OF LATEST TRANSACTION | |
| control field | 20221123134457.0 |
| 008 - FIXED-LENGTH DATA ELEMENTS--GENERAL INFORMATION | |
| fixed length control field | 221123b ag ||||| |||| 00| 0 spa d |
| 050 04 - LIBRARY OF CONGRESS CALL NUMBER | |
| Classification number | TN705 |
| Item number | C66 1980 |
| 111 2# - MAIN ENTRY--MEETING NAME | |
| Meeting name or jurisdiction name as entry element | Congreso ILAFA reducción directa |
| Number of part/section/meeting | (4°: |
| Date of meeting | 27-30 de julio de 1980 : |
| Location of meeting | Buenos Aires, Argentina ) |
| 245 ## - TITLE STATEMENT | |
| Title | Reducción directa ´80 |
| Remainder of title | : trabajos presentados al IV congreso ILAFA reducción directa = Direct Reduction ´80 : papers presented at the IV congreso ILAFA direct reduction congress |
| Statement of responsibility, etc | / Organizado por ILAFA en colaboración con el Centro de Industriales Siderúrgicos, CIS y el Instituto Argentino de Siderurgía, IAS. |
| 246 31 - VARYING FORM OF TITLE | |
| Title proper/short title | Direct Reduction ´80 : papers presented at the IV congreso ILAFA direct reduction congress. |
| 250 ## - EDITION STATEMENT | |
| Edition statement | 1a ed. |
| 260 ## - PUBLICATION, DISTRIBUTION, ETC. (IMPRINT) | |
| Place of publication, distribution, etc | Buenos Aires, Argentina : |
| Name of publisher, distributor, etc | Instituto Latinoamericano del Fierro y el Acero, ILAFA, |
| Date of publication, distribution, etc | 1980. |
| 300 ## - PHYSICAL DESCRIPTION | |
| Extent | p. v. : |
| Other physical details | il. ; |
| Dimensions | 30 cm. |
| 504 ## - BIBLIOGRAPHY, ETC. NOTE | |
| Bibliography, etc | Incluye bibliografía. |
| 650 #7 - SUBJECT ADDED ENTRY--TOPICAL TERM | |
| Source of heading or term | lemb |
| Topical term or geographic name as entry element | Hierro |
| General subdivision | Metalurgia |
| Form subdivision | Congresos |
| 650 #7 - SUBJECT ADDED ENTRY--TOPICAL TERM | |
| Source of heading or term | lemb |
| Topical term or geographic name as entry element | Acero |
| General subdivision | Metalurgia |
| Form subdivision | Congresos |
| 650 #7 - SUBJECT ADDED ENTRY--TOPICAL TERM | |
| Source of heading or term | lemb |
| Topical term or geographic name as entry element | Metalurgia |
| General subdivision | Industria y comercio |
| Form subdivision | Congresos |
| 710 1# - ADDED ENTRY--CORPORATE NAME | |
| Corporate name or jurisdiction name as entry element | Centro de Industriales Siderúrgicos, CIS, |
| Relator term | colaborador |
| 710 1# - ADDED ENTRY--CORPORATE NAME | |
| Corporate name or jurisdiction name as entry element | Instituto Argentino de Siderurgía |
| Relator term | colaborador |
| 942 ## - ADDED ENTRY ELEMENTS (KOHA) | |
| Source of classification or shelving scheme | Biblioteca del Cogreso de los Estados Unidos |
| Koha item type | Libro |
| Estado de pérdida | Fuente de clasificación | Estado del daño | No para préstamo | Ubicación permanente | Ubicación actual | Apartado o colección | Fecha de adquisición | Edición | Área del conocimiento | Total Checkouts | Clasificación | Código de Barras | Date last seen | Número de copia | Costo por reposición | Tipo de recurso |
|---|---|---|---|---|---|---|---|---|---|---|---|---|---|---|---|---|
| Biblioteca del Cogreso de los Estados Unidos | Biblioteca del Instituto de Investigación en Metalurgia y Materiales | Biblioteca del Instituto de Investigación en Metalurgia y Materiales | General | 23/11/2022 | 1a ed. | Ingeniería y Tecnología | TN705 C66 1980 | BIIM000000632 | 23/11/2022 | 1 | 1.00 | Libro |